Normal view
MARC view
- Del Villar, Carmencita P.
Entry Personal Name
001 - CONTROL NUMBER
- control field: 7126
003 - CONTROL NUMBER IDENTIFIER
- control field: OSt
005 - DATE AND TIME OF LATEST TRANSACTION
- control field: 20160430143712.0
008 - FIXED-LENGTH DATA ELEMENTS
- fixed length control field: 160430|| aca||aabn | a|a d
040 ## - CATALOGING SOURCE
- Original cataloging agency: OSt
100 ## - HEADING--PERSONAL NAME
- Personal name: Del Villar, Carmencita P.
